|
|
|
|
| LEADER |
01715nam a2200433Ia 4500 |
| 001 |
EBC867649 |
| 003 |
MiAaPQ |
| 005 |
20200520144314.0 |
| 006 |
m o d | |
| 007 |
cr cn||||||||| |
| 008 |
111118s2012 enka sb 001 0 eng d |
| 010 |
|
|
|z 2011047243
|
| 020 |
|
|
|z 9781118297292
|
| 020 |
|
|
|z 9781444361537
|
| 035 |
|
|
|a (MiAaPQ)EBC867649
|
| 035 |
|
|
|a (Au-PeEL)EBL867649
|
| 035 |
|
|
|a (CaPaEBR)ebr10538623
|
| 035 |
|
|
|a (CaONFJC)MIL361619
|
| 035 |
|
|
|a (OCoLC)784124233
|
| 040 |
|
|
|a MiAaPQ
|c MiAaPQ
|d MiAaPQ
|
| 050 |
|
4 |
|a HD4904.25
|b .S44 2012
|
| 082 |
0 |
4 |
|a 362.709172/4
|2 23
|
| 245 |
0 |
0 |
|a Seen, heard and counted
|h [electronic resource] :
|b rethinking care in a development context /
|c edited by Shahra Razavi.
|
| 260 |
|
|
|a Chichester ;
|a Malden, MA :
|b John Wiley & Sons,
|c c2012.
|
| 300 |
|
|
|a xii, 263 p. :
|b ill.
|
| 500 |
|
|
|a "Originally published as Volume 42, Issue 4 of Development and Change."
|
| 504 |
|
|
|a Includes bibliographical references and index.
|
| 533 |
|
|
|a Electronic reproduction. Ann Arbor, MI : ProQuest, 2015. Available via World Wide Web. Access may be limited to ProQuest affiliated libraries.
|
| 650 |
|
0 |
|a Work and family
|z Developing countries.
|
| 650 |
|
0 |
|a Child care
|z Developing countries.
|
| 650 |
|
0 |
|a Working mothers
|z Developing countries.
|
| 650 |
|
0 |
|a Caregivers
|z Developing countries.
|
| 650 |
|
0 |
|a Sexual division of labor
|z Developing countries.
|
| 650 |
|
0 |
|a Family policy
|z Developing countries.
|
| 651 |
|
0 |
|a Developing countries
|x Social policy.
|
| 655 |
|
4 |
|a Electronic books.
|
| 700 |
1 |
|
|a Razavi, Shahra.
|
| 710 |
2 |
|
|a ProQuest (Firm)
|
| 856 |
4 |
0 |
|u https://ebookcentral.proquest.com/lib/matrademy/detail.action?docID=867649
|z Click to View
|